000 01084cam a2200325 a 4500
999 _c5054
_d5054
003 CaAEU
005 20220403184730.0
008 950518s1995 mdua b 001 0 eng u
020 _a0683077570
040 _cDLC
050 0 0 _aRM701
_b.S55 1995
090 0 _aRM 701 S55 1995
_bAEU
100 1 _aShumway-Cook, Anne,
_d1947-
245 1 0 _aMotor control :
_btheory and practical applications /
_cAnne Shumway-Cook, Marjorie H. Woollacott.
260 _aBaltimore :
_bWilliams & Wilkins,
_cc1995.
300 _ax, 475 p. :
_bill. ;
_c26 cm.
336 _atext
_btxt
_2rdacontent
337 _aunmediated
_bn
_2rdamedia
338 _avolume
_bnc
_2rdacarrier
504 _aIncludes bibliographical references and index.
583 1 _5AEU
650 0 _aPhysical therapy.
650 0 _aMotor learning.
650 2 _aMovement.
650 2 _aMovement Disorders.
650 2 _aPhysical Therapy Modalities.
700 1 _aWoollacott, Marjorie H.,
_d1946-
856 _uhttp://172.30.46.200/cgi-bin/koha/opac-retrieve-file.pl?id=1fedf1b1c252e89f7568b0ab201830df
942 _2lcc
_cEB
_nMW